| 000 | 00636nam a2200241Ia 4500 | ||
|---|---|---|---|
| 008 | 160319s9999 xx 000 0 und d | ||
| 245 | _aShrek 2 / | ||
| 260 | _aUnited States : | ||
| 260 | _bDreamWorks Animation Distribution LLC, | ||
| 260 | _c2004 | ||
| 300 | _a1 DVD-video (approximately 92 min.) : | ||
| 300 | _bdigital, sound, color; | ||
| 300 | _c4 3/4 in. | ||
| 650 | _aComedy films. | ||
| 650 | _aFairy godmothers -- | ||
| 650 | _aGhouls and ogres -- | ||
| 650 | _aMarried people -- | ||
| 650 | _aPrincesses -- | ||
| 650 | _xDrama. | ||
| 650 | _xDrama. | ||
| 650 | _xDrama. | ||
| 650 | _xFeature films. | ||
| 999 |
_c292554 _d292554 |
||